[Event "Hell op"]
[Site "Hell"]
[Date "2019.08.10"]
[Round "9"]
[White "Stromhaug, Kristoffer Wang"]
[Black "Roulet Dubonnet, Emerik Vapenstad"]
[Result "0-1"]
[WhiteElo "1655"]
[BlackElo "1551"]
[PlyCount "72"]
[EventDate "2019.08.03"]
[EventType "swiss"]
[EventRounds "10"]
[EventCountry "NOR"]
[SourceTitle "CBM 191 Extra"]
[Source "ChessBase"]
[SourceDate "2019.09.30"]
[SourceVersion "1"]
[SourceVersionDate "2019.09.30"]
[SourceQuality "1"]

1. e4 e6 2. d4 d5 3. Nd2 Nf6 4. e5 Nfd7 5. Ngf3 c5 6. c3 Nc6 7. Nb3 a5 8. a4 c4 9. Nbd2 Nb6 10. b3 cxb3 11. Qxb3 Be7 12. Bd3 0-0 13. Qc2 h6 14. Nf1 Bd7 15. Be3 f5 16. exf6 Bxf6 17. h4 e5 18. dxe5 Nxe5 19. Nxe5 Bxe5 20. Rb1 Nxa4 21. Bd2 Qf6 22. f3 Nxc3 23. Rxb7 Ba4 24. Bh7+ Kh8 25. Qg6 Qxg6 26. Bxg6 Rfb8 27. Re7 Bf6 28. Rc7 d4 29. g4 Be8 30. Bf5 Bd8 31. Rc4 Bb6 32. Bxc3 dxc3 33. Rxc3 a4 34. Ra3 Bc5 35. Ra1 Bf7 36. Rb1 Bd4 0-1

[Event "Hell op"]
[Site "Hell"]
[Date "2019.08.03"]
[Round "1"]
[White "Janzelj, Lara"]
[Black "Roulet Dubonnet, Emerik Vapenstad"]
[Result "1-0"]
[WhiteElo "2191"]
[BlackElo "1551"]
[PlyCount "67"]
[EventDate "2019.08.03"]
[EventType "swiss"]
[EventRounds "10"]
[EventCountry "NOR"]
[SourceTitle "CBM 191 Extra"]
[Source "ChessBase"]
[SourceDate "2019.09.30"]
[SourceVersion "1"]
[SourceVersionDate "2019.09.30"]
[SourceQuality "1"]

1. d4 e6 2. c4 Nf6 3. Nf3 d5 4. Nc3 c6 5. e3 Nbd7 6. Bd3 dxc4 7. Bxc4 b5 8. Bd3 a6 9. 0-0 c5 10. Qe2 Bb7 11. Rd1 Qb6 12. Bd2 Be7 13. a4 c4 14. Bb1 0-0 15. a5 Qc7 16. e4 Rfd8 17. e5 Nd5 18. Ne4 h6 19. Rc1 Qb8 20. Ne1 Qa7 21. Qg4 Kh8 22. Ng3 Rac8 23. Qh5 Qxd4 24. Nf3 Nf4 25. Nxd4 Nxh5 26. Nxh5 Nxe5 27. Be3 Bc5 28. Rd1 Nd3 29. Bxd3 cxd3 30. Nb3 Bxe3 31. fxe3 Rc2 32. Rd2 Rxd2 33. Nxd2 Rc8 34. Ra3 1-0

[Event "Ostersund Storsjodraget op"]
[Site "Ostersund"]
[Date "2019.06.16"]
[Round "6"]
[White "Roulet Dubonnet, Emerik Vapenstad"]
[Black "Hjorth, Gunnar"]
[Result "1/2-1/2"]
[WhiteElo "1509"]
[BlackElo "2219"]
[PlyCount "126"]
[EventDate "2019.06.14"]
[EventType "swiss"]
[EventRounds "7"]
[EventCountry "SWE"]
[SourceTitle "CBM 192 Extra"]
[Source "Chessbase"]
[SourceDate "2019.11.06"]
[SourceVersion "1"]
[SourceVersionDate "2019.11.06"]
[SourceQuality "1"]

1. d4 Nf6 2. c4 g6 3. Nc3 Bg7 4. Nf3 0-0 5. Bg5 d6 6. e3 Bf5 7. Be2 Ne4 8. Nxe4 Bxe4 9. 0-0 h6 10. Bh4 c5 11. Qb3 b6 12. Rad1 Nc6 13. Rd2 Rc8 14. dxc5 bxc5 15. Qa3 Qc7 16. Bg3 Qb7 17. Ne1 Rb8 18. b3 Bc3 19. Rd1 Nb4 20. f3 Bf5 21. Nd3 Bf6 22. e4 Bd4+ 23. Bf2 Bxf2+ 24. Kxf2 Be6 25. Nxb4 Qxb4 26. Qxb4 Rxb4 27. Rd2 f6 28. f4 a5 29. Bd1 a4 30. Kf3 axb3 31. axb3 Ra8 32. Rff2 Ra1 33. Bc2 g5 34. f5 Bf7 35. g4 h5 36. h3 h4 37. Rd1 Ra3 38. Rd3 Rb7 39. Rf1 Ra2 40. Rf2 Rb2 41. Bd1 Rb1 42. Bc2 Rg1 43. Rg2 Rh1 44. Kf2 Ra7 45. Rg1 Rh2+ 46. Rg2 Rxg2+ 47. Kxg2 Ra2 48. Rd2 Kf8 49. Kf2 Ra3 50. Rd3 Ke8 51. Ke3 Kd8 52. Kd2 Ra1 53. Bd1 Kc7 54. Kc3 Be8 55. Kd2 Bc6 56. Re3 Kb6 57. Re1 Ka5 58. Bc2 Rxe1 59. Kxe1 Kb4 60. Kd2 Bd7 61. Bd1 e6 62. fxe6 Bxe6 63. Kc2 Bd7 1/2-1/2